[Event "2nd Summer Festival Belgrade GM 2019"]
[Site "Belgrade"]
[Date "2019.06.25"]
[Round "2.5"]
[White "Nandhidhaa, P V"]
[Black "Liu, Zhaoqi"]
[Result "1-0"]
[WhiteElo "2259"]
[BlackElo "2386"]
[Annotator "ChessBase"]
[PlyCount "129"]
[EventDate "2019.06.25"]
[EventType "tourn"]
[EventCountry "SRB"]
[SourceTitle "playchess.com"]
[Source "ChessBase"]
[SourceQuality "1"]
[TimeControl "5400+30"]

1. e4 {[%emt 0:00:00]} e6 {[%emt 0:01:47]} 2. d4 {[%emt 0:00:00]} d5 {[%emt 0:00:08]} 3. Nc3 {[%emt 0:00:00]} Nc6 {[%emt 0:00:25]} 4. Nf3 {[%emt 0:00:49]} Nf6 {[%emt 0:00:05]} 5. e5 {[%emt 0:02:04]} Ne4 {[%emt 0:00:20]} 6. Ne2 {[%emt 0:06:30]} f6 {[%emt 0:00:12]} 7. exf6 {[%emt 0:01:10]} Nxf6 {[%emt 0:03:43]} 8. Ng3 {[%emt 0:02:37]} Bd6 {[%emt 0:01:11]} 9. Bb5 {[%emt 0:12:17]} O-O {[%emt 0:12:08]} 10. O-O {[%emt 0:00:14]} Bd7 {[%emt 0:00:14]} 11. Re1 {[%emt 0:01:18]} Ng4 {[%emt 0:07:27]} 12. c4 {[%emt 0:08:08]} Qf6 {[%emt 0:29:53]} 13. Bxc6 {[%emt 0:02:01]} Bxc6 {[%emt 0:04:09]} 14. c5 {[%emt 0:00:29]} Bxg3 {[%emt 0:06:46]} 15. hxg3 {[%emt 0:03:51]} Qf5 {[%emt 0:06:27]} 16. Bf4 {[%emt 0:05:43]} Qh5 {[%emt 0:00:09]} 17. Rxe6 {[%emt 0:03:58]} g5 {[%emt 0:08:11]} 18. Re5 {[%emt 0:09:41]} Nxe5 {[%emt 0:00:33]} 19. Bxe5 {[%emt 0:00:17]} Rae8 {[%emt 0:03:02]} 20. Qd2 {[%emt 0:03:21]} Rf5 {[%emt 0:03:58]} 21. Ne1 {[%emt 0:10:51]} Rf7 {[%emt 0:02:41]} 22. f3 {[%emt 0:01:37]} Qg6 {[%emt 0:00:31]} 23. Nd3 {[%emt 0:24:34]} Bb5 {[%emt 0:01:22]} 24. Nf2 {[%emt 0:00:00]} b6 {[%emt 0:02:46]} 25. Rc1 {[%emt 0:00:00]} h6 {[%emt 0:00:30]} 26. b3 {[%emt 0:00:00]} Ba6 {[%emt 0:00:30]} 27. Ng4 {[%emt 0:00:00]} Bc8 {[%emt 0:00:30]} 28. Ne3 {[%emt 0:00:00]} c6 {[%emt 0:00:30]} 29. cxb6 {[%emt 0:00:00]} axb6 {[%emt 0:00:00]} 30. b4 {[%emt 0:00:00]} b5 {[%emt 0:00:59]} 31. Nc2 {[%emt 0:00:00]} h5 {[%emt 0:00:35]} 32. Ne3 {[%emt 0:00:00]} Bd7 {[%emt 0:00:08]} 33. Nd1 {[%emt 0:00:00]} h4 {[%emt 0:01:01]} 34. g4 {[%emt 0:00:00]} h3 {[%emt 0:01:44]} 35. Nf2 {[%emt 0:00:00]} hxg2 {[%emt 0:00:07]} 36. Kxg2 {[%emt 0:00:00]} Rh7 {[%emt 0:00:32]} 37. Nh3 {[%emt 0:00:00]} Rxh3 {[%emt 0:02:28]} 38. Kxh3 {[%emt 0:00:00]} Rf8 {[%emt 0:00:01]} 39. Kg2 {[%emt 0:00:38]} Rf7 {[%emt 0:01:15]} 40. Rh1 {[%emt 0:02:18]} Rh7 {[%emt 0:00:02]} 41. Rxh7 Kxh7 {[%emt 0:00:02]} 42. Bg3 {[%emt 0:02:10]} Kg7 {[%emt 0:00:31]} 43. Bf2 {[%emt 0:00:38]} Qf6 {[%emt 0:00:32]} 44. Be3 {[%emt 0:00:37]} Kg6 {[%emt 0:00:04]} 45. Qc2+ {[%emt 0:00:26]} Kg7 {[%emt 0:00:06]} 46. Qc1 {[%emt 0:00:39]} Kg6 {[%emt 0:00:06]} 47. Qh1 {[%emt 0:00:36]} Qg7 {[%emt 0:01:12]} 48. Qh2 {[%emt 0:00:54]} Kf7 {[%emt 0:01:35]} 49. Qd6 {[%emt 0:00:54]} Kg8 {[%emt 0:00:49]} 50. Qe5 {[%emt 0:01:18]} Qh7 {[%emt 0:00:02]} 51. Bxg5 {[%emt 0:01:17]} Qc2+ {[%emt 0:00:16]} 52. Kg3 {[%emt 0:00:07]} Qd1 {[%emt 0:00:23]} 53. Bh6 {[%emt 0:01:07]} Qg1+ {[%emt 0:00:06]} 54. Kh4 {[%emt 0:00:28]} Kf7 {[%emt 0:01:41]} 55. Kg5 {[%emt 0:00:37]} Qc1+ {[%emt 0:00:30]} 56. f4 {[%emt 0:00:32]} Bxg4 {[%emt 0:00:03]} 57. Qg7+ {[%emt 0:00:42]} Ke6 {[%emt 0:00:25]} 58. Qf6+ {[%emt 0:00:25]} Kd7 {[%emt 0:00:04]} 59. Kxg4 {[%emt 0:00:07]} Qd1+ {[%emt 0:00:09]} 60. Kf5 {[%emt 0:00:46]} Qd3+ {[%emt 0:00:26]} 61. Kg5 {[%emt 0:00:08]} Qg3+ {[%emt 0:00:33]} 62. Kh5 {[%emt 0:00:05]} Qh3+ {[%emt 0:00:04]} 63. Kg6 {[%emt 0:00:20]} Qg2+ {[%emt 0:00:08]} 64. Bg5 {[%emt 0:00:31]} Qxa2 {[%emt 0:00:29]} 65. Qd8+ {[%emt 0:00:09]} 1-0

[Event "2nd Summer Festival Belgrade GM 2019"]
[Site "Belgrade"]
[Date "2019.06.25"]
[Round "2.6"]
[White "Chen, Peng"]
[Black "Ernst, Sipke"]
[Result "1/2-1/2"]
[WhiteElo "2328"]
[BlackElo "2541"]
[Annotator "TA"]
[PlyCount "128"]
[EventDate "2019.06.25"]
[EventType "tourn"]
[EventCountry "SRB"]
[SourceTitle "playchess.com"]
[Source "ChessBase"]
[SourceQuality "1"]

{[%evp 21,128,0,0,0,0,0,0,0,0,0,0,-23,-35,-21,-33,-28,-27,-60,-9,-17,-7,-8,-8,-21,-4,-15,-15,-16,-14,-5,-14,-7,0,0,0,0,0,0,0,0,0,0,0,0,0,0,0,0,0,0,0,0,0,0,0,0,0,0,0,0,0,0,0,0,0,0,0,0,0,0,0,0,0,0,0,0,0,0,0,0,0,0,0,0,0,0,0,0,0,0,0,0,0,0,0,0,0,0,0,0,0,0,0,0,0,0,0,0,0]} 1. e4 e5 2. Nf3 Nc6 3. Bb5 a6 4. Ba4 Nf6 5. d4 exd4 6. O-O Be7 7. e5 Ne4 8. Nxd4 O-O 9. Nf5 Nc5 10. Qg4 g6 11. Bxc6 dxc6 12. Nxe7+ {C84: Closed Ruy Lopez: Unusual White 6th moves} Qxe7 13. Qg3 Re8 14. Re1 Bf5 15. Nc3 Ne6 16. Ne4 Bxe4 $1 17. Rxe4 Qc5 (17... Rad8 18. Be3 Rd5 19. Re1 Red8 {0-1 (59) Pancevski,F (2489)-Ragger,M (2659) Heraklio 2017}) 18. c3 {[#]} Rad8 $146 {[#] ( -> ...Rd1+)} ({Predecessor:} 18... Qb5) 19. Bg5 Nxg5 (19... Qd5 $15 20. Bxd8 Qxe4) 20. Qxg5 $11 {The position is equal.} f5 21. Re3 Rd2 22. h4 Qe7 23. Rb1 Qxg5 24. hxg5 {[%mdl 4096] Endgame KRR-KRR} Kf7 25. Kf1 Ke6 26. f4 Red8 27. Re2 a5 28. Rbe1 R2d5 29. Kf2 a4 30. a3 R8d7 31. Rc1 b6 32. Rh1 Rc5 33. g3 Rcd5 34. Rhe1 c5 35. Rh1 c4 36. Rhe1 b5 37. Rh1 Rd3 38. Rhe1 c5 39. Re3 Rd2+ 40. R3e2 R2d5 41. Rc1 Rb7 42. Rcc2 Rd3 43. Rc1 Rc7 44. Re3 Rd2+ 45. Re2 Rd5 46. Rec2 Rd3 47. Re2 Rb7 48. Re3 Rd8 49. Re2 Rbd7 50. Kf3 Rd3+ 51. Kf2 R8d7 52. Rce1 {[#]} b4 $1 {[%mdl 512]} 53. axb4 cxb4 54. cxb4 Rb3 55. Rc1 Rxb4 56. Rc3 Rd4 57. Rcc2 Rd3 58. Red2 Kd5 59. Re2 Rb6 60. e6 Rxe6 61. Rxe6 Kxe6 62. Rxc4 Rd2+ 63. Kf3 Rxb2 64. Rxa4 Rb3+ {Accuracy: White = 84%, Black = 81%.} 1/2-1/2

[Event "2nd Summer Festival Belgrade GM 2019"]
[Site "Belgrade"]
[Date "2019.06.25"]
[Round "3.1"]
[White "Lee, Jun Hyeok"]
[Black "Damljanovic, Branko"]
[Result "0-1"]
[WhiteElo "2386"]
[BlackElo "2468"]
[Annotator "ChessBase"]
[PlyCount "78"]
[EventDate "2019.06.25"]
[EventType "tourn"]
[EventCountry "SRB"]
[SourceTitle "playchess.com"]
[Source "ChessBase"]
[SourceQuality "1"]
[TimeControl "5400+30"]

1. e4 {[%emt 0:00:00]} c5 {[%emt 0:07:09]} 2. b3 {[%emt 0:00:00]} e5 {[%emt 0:00:25]} 3. Bb2 {[%emt 0:00:53]} Nc6 {[%emt 0:00:09]} 4. Bc4 {[%emt 0:00:22]} d6 {[%emt 0:00:18]} 5. Nc3 {[%emt 0:01:14]} Nf6 {[%emt 0:00:20]} 6. d3 {[%emt 0:00:52]} Be7 {[%emt 0:00:07]} 7. Nge2 {[%emt 0:00:24]} O-O {[%emt 0:00:07]} 8. O-O {[%emt 0:00:19]} a6 {[%emt 0:08:51]} 9. a4 {[%emt 0:00:06]} Rb8 {[%emt 0:03:11]} 10. Qd2 {[%emt 0:12:41]} Ne8 {[%emt 0:07:04]} 11. f4 {[%emt 0:01:40]} Nc7 {[%emt 0:00:28]} 12. a5 {[%emt 0:03:20]} Be6 {[%emt 0:01:04]} 13. Nd1 {[%emt 0:14:18]} Bxc4 {[%emt 0:10:25]} 14. bxc4 {[%emt 0:00:57]} Ne6 {[%emt 0:00:15]} 15. g3 {[%emt 0:08:57]} Ned4 {[%emt 0:06:58]} 16. Bc3 {[%emt 0:12:45]} Bf6 {[%emt 0:02:05]} 17. Ne3 {[%emt 0:01:14]} exf4 {[%emt 0:01:47]} 18. Nxf4 {[%emt 0:00:09]} g6 {[%emt 0:00:16]} 19. Nfd5 {[%emt 0:03:46]} Bg7 {[%emt 0:00:46]} 20. Rab1 {[%emt 0:03:52]} Kh8 {[%emt 0:01:38]} 21. Kh1 {[%emt 0:00:35]} f6 {[%emt 0:00:34]} 22. Rb6 {[%emt 0:04:06]} Rf7 {[%emt 0:00:31]} 23. Qd1 {[%emt 0:02:08]} Qf8 {[%emt 0:00:36]} 24. Nf4 {[%emt 0:02:02]} Re8 {[%emt 0:00:51]} 25. Bd2 {[%emt 0:02:15]} f5 {[%emt 0:04:54]} 26. exf5 {[%emt 0:06:43]} Nxf5 {[%emt 0:00:17]} 27. Nxf5 {[%emt 0:00:13]} Rxf5 {[%emt 0:00:10]} 28. h4 {[%emt 0:00:27]} Re7 {[%emt 0:03:50]} 29. Kg2 {[%emt 0:02:45]} Ref7 {[%emt 0:01:01]} 30. Re1 {[%emt 0:03:06]} Be5 {[%emt 0:00:18]} 31. Re4 {[%emt 0:04:21]} Qc8 {[%emt 0:02:21]} 32. Qg4 {[%emt 0:01:34]} Ne7 {[%emt 0:02:02]} 33. Rb1 {[%emt 0:01:47]} Ng8 {[%emt 0:00:14]} 34. Rb6 {[%emt 0:02:21]} Nf6 {[%emt 0:04:40]} 35. Qh3 {[%emt 0:00:02]} Qd7 {[%emt 0:05:09]} 36. Re2 {[%emt 0:00:48]} Nh5 {[%emt 0:01:01]} 37. Re4 {[%emt 0:02:10]} Qa4 {[%emt 0:02:58]} 38. Rb3 {[%emt 0:03:15]} Qa2 {[%emt 0:00:55]} 39. d4 {[%emt 0:00:15]} Qxc2 {[%emt 0:01:19]} 0-1

[Event "2nd Summer Festival Belgrade GM 2019"]
[Site "Belgrade"]
[Date "2019.06.25"]
[Round "3.2"]
[White "Ernst, Sipke"]
[Black "Yu, Jennifer"]
[Result "1-0"]
[WhiteElo "2541"]
[BlackElo "2369"]
[Annotator "ChessBase"]
[PlyCount "73"]
[EventDate "2019.06.25"]
[EventType "tourn"]
[EventCountry "SRB"]
[SourceTitle "playchess.com"]
[Source "ChessBase"]
[SourceQuality "1"]
[TimeControl "5400+30"]

1. Nf3 {[%emt 0:00:00]} Nf6 {[%emt 0:00:00]} 2. c4 {[%emt 0:00:05]} c6 {[%emt 0:00:00]} 3. g3 {[%emt 0:01:30]} g6 {[%emt 0:00:22]} 4. b3 {[%emt 0:00:08]} Bg7 {[%emt 0:00:55]} 5. Bb2 {[%emt 0:00:07]} O-O {[%emt 0:01:02]} 6. Bg2 {[%emt 0:00:15]} d5 {[%emt 0:00:39]} 7. O-O {[%emt 0:00:35]} Nbd7 {[%emt 0:03:32]} 8. Qc2 {[%emt 0:05:15]} e6 {[%emt 0:03:53]} 9. d3 {[%emt 0:03:51]} Re8 {[%emt 0:02:28]} 10. Ne5 {[%emt 0:01:07]} Nxe5 {[%emt 0:01:12]} 11. Bxe5 {[%emt 0:00:08]} Nd7 {[%emt 0:01:30]} 12. Bxg7 {[%emt 0:00:08]} Kxg7 {[%emt 0:00:03]} 13. d4 {[%emt 0:02:50]} f5 {[%emt 0:06:09]} 14. Nd2 {[%emt 0:06:07]} Qf6 {[%emt 0:03:38]} 15. e3 {[%emt 0:12:19]} dxc4 {[%emt 0:09:18]} 16. Nxc4 {[%emt 0:00:34]} e5 {[%emt 0:00:22]} 17. Rad1 {[%emt 0:00:54]} e4 {[%emt 0:10:43]} 18. d5 {[%emt 0:06:00]} c5 {[%emt 0:02:15]} 19. a4 {[%emt 0:06:09]} b6 {[%emt 0:10:42]} 20. f3 {[%emt 0:03:09]} exf3 {[%emt 0:02:27]} 21. Bxf3 {[%emt 0:00:14]} Rb8 {[%emt 0:00:09]} 22. e4 {[%emt 0:09:26]} Ne5 {[%emt 0:01:41]} 23. Bg2 {[%emt 0:00:25]} Bd7 {[%emt 0:09:08]} 24. Bh3 {[%emt 0:04:01]} Nf7 {[%emt 0:05:06]} 25. exf5 {[%emt 0:04:13]} g5 {[%emt 0:16:15]} 26. Rf2 {[%emt 0:04:59]} h5 {[%emt 0:00:35]} 27. Bg2 {[%emt 0:06:04]} g4 {[%emt 0:04:46]} 28. d6 {[%emt 0:07:38]} Rbd8 {[%emt 0:01:49]} 29. a5 {[%emt 0:06:11]} b5 {[%emt 0:00:15]} 30. Nd2 {[%emt 0:00:05]} Nxd6 {[%emt 0:00:16]} 31. Qxc5 {[%emt 0:00:09]} a6 {[%emt 0:02:41]} 32. Nf1 {[%emt 0:05:25]} Bxf5 {[%emt 0:01:25]} 33. Ne3 {[%emt 0:01:54]} Re5 {[%emt 0:00:10]} 34. Nxf5+ {[%emt 0:00:58]} Nxf5 {[%emt 0:00:50]} 35. Qc7+ {[%emt 0:00:08]} Re7 {[%emt 0:00:37]} 36. Qxd8 {[%emt 0:00:14]} Re1+ {[%emt 0:00:07]} 37. Bf1 {[%emt 0:00:30]} 1-0

[Event "2nd Summer Festival Belgrade GM 2019"]
[Site "Belgrade"]
[Date "2019.06.25"]
[Round "3.3"]
[White "Liu, Zhaoqi"]
[Black "Chen, Peng"]
[Result "1/2-1/2"]
[WhiteElo "2386"]
[BlackElo "2328"]
[Annotator "NA"]
[PlyCount "55"]
[EventDate "2019.06.25"]
[EventType "tourn"]
[EventCountry "SRB"]
[SourceTitle "playchess.com"]
[Source "ChessBase"]
[SourceQuality "1"]
[TimeControl "5400+30"]

1. d4 {[%emt 0:11:58]} d5 {[%emt 0:00:00]} 2. c4 {[%emt 0:00:06]} c6 {[%emt 0:00:01]} 3. Nf3 {[%emt 0:00:09]} Nf6 {[%emt 0:00:03]} 4. Nc3 {[%emt 0:00:18]} dxc4 {[%emt 0:01:23]} 5. a4 {[%emt 0:00:10]} Bf5 {[%emt 0:00:05]} 6. Ne5 {[%emt 0:01:46]} Nbd7 {[%emt 0:01:51]} 7. Nxc4 {[%emt 0:02:33]} Nb6 {[%emt 0:01:42]} 8. Ne5 {[%emt 0:00:51]} a5 {[%emt 0:00:14]} 9. f3 {[%emt 0:01:26]} Nfd7 {[%emt 0:00:23]} 10. Nxd7 {[%emt 0:01:01]} Nxd7 {[%emt 0:00:15]} 11. e4 {[%emt 0:00:05]} Bg6 {[%emt 0:00:08]} 12. Be3 {[%emt 0:03:53]} e6 {[%emt 0:00:09]} 13. Be2 {[%emt 0:08:32]} Bb4 {[%emt 0:06:04]} 14. O-O {[%emt 0:00:58]} O-O {[%emt 0:00:05]} 15. Qb3 {[%emt 0:01:29]} Qb8 {[%emt 0:01:08]} 16. Rad1 {[%emt 0:02:12]} Re8 {[%emt 0:01:33]} 17. Bc4 {[%emt 0:07:57]} Kh8 {[%emt 0:00:49]} 18. Bf2 {[%emt 0:05:07]} Bd6 {[%emt 0:02:35]} 19. g3 {[%emt 0:00:39]} Qc7 {[%emt 0:00:17]} 20. Kg2 {[%emt 0:00:45]} Rab8 {[%emt 0:00:26]} 21. h4 {[%emt 0:02:39]} h5 {[%emt 0:02:59]} 22. Rc1 {[%emt 0:07:54]} Rbd8 {[%emt 0:06:09]} 23. Rfd1 {[%emt 0:01:23]} Qb8 {[%emt 0:03:07]} 24. e5 {[%emt 0:13:04]} Bb4 {[%emt 0:02:28]} 25. Ne4 {[%emt 0:00:52]} Kg8 {[%emt 0:04:52]} 26. Bd3 {[%emt 0:02:00]} Nf8 {[%emt 0:00:24]} 27. Bc4 {[%emt 0:00:05]} Nd7 {[%emt 0:00:05]} 28. Bd3 {[%emt 0:00:07]} 1/2-1/2

[Event "2nd Summer Festival Belgrade GM 2019"]
[Site "Belgrade"]
[Date "2019.06.25"]
[Round "3.4"]
[White "Batsuren, Dambasuren"]
[Black "Nandhidhaa, P V"]
[Result "0-1"]
[WhiteElo "2439"]
[BlackElo "2259"]
[Annotator "NA"]
[PlyCount "88"]
[EventDate "2019.06.25"]
[EventType "tourn"]
[EventCountry "SRB"]
[SourceTitle "playchess.com"]
[Source "ChessBase"]
[SourceQuality "1"]
[TimeControl "5400+30"]

1. d4 {[%emt 0:00:00]} Nf6 {[%emt 0:00:00]} 2. c4 {[%emt 0:00:00]} e6 {[%emt 0:00:00]} 3. Nf3 {[%emt 0:00:00]} d5 {[%emt 0:00:00]} 4. Nc3 {[%emt 0:00:00]} Be7 {[%emt 0:00:00]} 5. Bf4 {[%emt 0:00:00]} O-O {[%emt 0:00:00]} 6. e3 {[%emt 0:00:00]} Nbd7 {[%emt 0:00:22]} 7. Rc1 {[%emt 0:01:48]} c5 {[%emt 0:00:33]} 8. cxd5 {[%emt 0:09:42]} Nxd5 {[%emt 0:01:38]} 9. Bg3 {[%emt 0:09:07]} cxd4 {[%emt 0:03:06]} 10. Nxd4 {[%emt 0:03:29]} Nxc3 {[%emt 0:01:33]} 11. bxc3 {[%emt 0:00:04]} Nc5 {[%emt 0:04:12]} 12. Be2 {[%emt 0:01:13]} f6 {[%emt 0:03:08]} 13. Qc2 {[%emt 0:04:03]} e5 {[%emt 0:04:17]} 14. Nf5 {[%emt 0:00:09]} Bxf5 {[%emt 0:00:14]} 15. Qxf5 {[%emt 0:00:05]} Qd7 {[%emt 0:01:31]} 16. Qxd7 {[%emt 0:02:29]} Nxd7 {[%emt 0:00:01]} 17. Bc4+ {[%emt 0:00:07]} Kh8 {[%emt 0:00:06]} 18. Ke2 {[%emt 0:00:04]} Rac8 {[%emt 0:02:36]} 19. Bd5 {[%emt 0:05:32]} Rc7 {[%emt 0:01:11]} 20. Rhd1 {[%emt 0:00:29]} Nb6 {[%emt 0:03:34]} 21. Bb3 {[%emt 0:01:40]} Ba3 {[%emt 0:05:47]} 22. Rc2 {[%emt 0:00:27]} g6 {[%emt 0:00:30]} 23. h4 {[%emt 0:07:13]} Kg7 {[%emt 0:01:21]} 24. h5 {[%emt 0:02:05]} Rfc8 {[%emt 0:05:20]} 25. Rd3 {[%emt 0:09:19]} Bb4 {[%emt 0:03:50]} 26. Be6 {[%emt 0:05:26]} Re8 {[%emt 0:09:53]} 27. Bb3 {[%emt 0:00:07]} Rec8 {[%emt 0:00:32]} 28. f4 {[%emt 0:03:22]} Rxc3 {[%emt 0:07:32]} 29. Rdxc3 {[%emt 0:01:07]} Bxc3 {[%emt 0:00:07]} 30. Kd3 {[%emt 0:02:24]} Ba1 {[%emt 0:00:04]} 31. Rf2 {[%emt 0:02:02]} Rc3+ {[%emt 0:03:32]} 32. Kd2 {[%emt 0:01:46]} Nc4+ {[%emt 0:02:57]} 33. Bxc4 {[%emt 0:00:12]} Rxc4 {[%emt 0:00:04]} 34. Rf1 {[%emt 0:00:12]} Bc3+ {[%emt 0:01:29]} 35. Kd3 {[%emt 0:00:07]} b5 {[%emt 0:01:16]} 36. fxe5 {[%emt 0:00:18]} Bxe5 {[%emt 0:01:33]} 37. Bf4 {[%emt 0:01:47]} Bxf4 {[%emt 0:01:42]} 38. exf4 {[%emt 0:00:02]} gxh5 {[%emt 0:00:17]} 39. f5 {[%emt 0:02:00]} Kh6 {[%emt 0:01:01]} 40. Re1 {[%emt 0:00:22]} Kg5 {[%emt 0:00:55]} 41. Re7 {[%emt 0:00:11]} Ra4 {[%emt 0:00:25]} 42. Rg7+ {[%emt 0:00:18]} Kxf5 {[%emt 0:00:22]} 43. Rxh7 {[%emt 0:00:03]} Kg6 {[%emt 0:00:21]} 44. Rb7 {[%emt 0:00:05]} a6 {[%emt 0:00:04]} 0-1

[Event "2nd Summer Festival Belgrade GM 2019"]
[Site "Belgrade"]
[Date "2019.06.25"]
[Round "3.6"]
[White "Salimova, Nurgyul"]
[Black "Damjanovic, Vuk"]
[Result "1-0"]
[WhiteElo "2416"]
[BlackElo "2283"]
[Annotator "TA"]
[PlyCount "63"]
[EventDate "2019.06.25"]
[EventType "tourn"]
[EventCountry "SRB"]
[SourceTitle "playchess.com"]
[Source "ChessBase"]
[SourceQuality "1"]

{[%evp 18,105,49,41,67,54,70,43,81,85,111,98,91,66,78,57,94,73,104,54,79,14,124,109,123,2,22,-72,87,88,95,68,109,109,216,218,170,207,219,205,213,206,261,267,297,296,525,399,553,580,779,564,554,570,551,535,834,841,825,807,592,802,760,742,1731,1494,3125,2764,2442,2283,5908,5891,2277,2025,1637,877,1824,1810,5908,5842,5791,5715,5569,5458,4694,4610,2552,2481,1776,1725]} 1. e4 e6 2. d4 d5 3. Nc3 Bb4 4. e5 b6 5. a3 Bxc3+ 6. bxc3 Qd7 7. Qg4 f5 8. Qg3 Ba6 9. Bxa6 Nxa6 10. Ne2 c5 {C16: French: 3 Nc3 Bb4 4 e5: Lines without ...c5} (10... Kf7 11. h4 Ne7 12. Bg5 c5 13. Qd3 Nb8 14. h5 Nbc6 15. Nf4 cxd4 16. cxd4 h6 17. Bh4 Rhf8 18. Rh3 {0-1 (52) Aryan,C (2536)-Antipov,M (2626) Biel 2018}) 11. a4 Rc8 12. Qd3 c4 $146 {White is slightly better.} ({Predecessor:} 12... Nb8 13. a5 b5 14. Ba3 cxd4 15. cxd4 Rc4 16. Bd6 Na6 17. O-O Ne7 18. Rab1 {0-1 (41) Lehmann,A (2181)-Huss,A (2338) Winterthur 2006}) 13. Qg3 Qf7 14. h4 Ne7 15. h5 Kd7 16. Ba3 Nb8 17. Nf4 Nbc6 18. Kd2 Rcg8 19. Qe3 (19. Qg5 $16) 19... g5 (19... Na5 $11 {keeps the balance.}) 20. hxg6 $1 $16 hxg6 21. Nh3 ({White should try} 21. Qg3 $16) 21... Qh7 22. Rhb1 (22. f4 $11) 22... Qh6 $2 (22... g5 $1 $17 {keeps the pressure on.} 23. Nxg5 Qh6) 23. Qxh6 $1 Rxh6 24. a5 $36 {[%mdl 2048] White has the initiative.} Nxa5 25. Bxe7 $1 Kxe7 {[#]} (25... Rxh3 $16 26. gxh3 Kxe7) 26. Rxa5 $1 $18 {[%mdl 576] Remove Defender} bxa5 $14 {[%mdl 4096] Endgame KRR-KRN} 27. Rb7+ {[%mdl 64] Double Attack} Ke8 28. Ng5 {aiming for Rb8+.} Rgh8 29. Rxa7 Rh5 30. Nxe6 {Black must now prevent Ng7+.} R5h7 31. Rxa5 Kd7 $2 (31... Rh2 32. Nf4 (32. Rxd5 R8h4 $16) 32... g5 33. Nxd5 Kf7) 32. Nf8+ {Played: Ne6-f4} 1-0

[Event "2nd Summer Festival Belgrade GM 2019"]
[Site "Belgrade"]
[Date "2019.06.26"]
[Round "4.1"]
[White "Yu, Jennifer"]
[Black "Damjanovic, Vuk"]
[Result "1-0"]
[WhiteElo "2369"]
[BlackElo "2283"]
[Annotator "NA"]
[PlyCount "71"]
[EventDate "2019.06.26"]
[EventType "tourn"]
[EventCountry "SRB"]
[SourceTitle "playchess.com"]
[Source "ChessBase"]
[SourceQuality "1"]
[TimeControl "5400+30"]

1. Nf3 {[%emt 0:00:00]} e6 {[%emt 0:02:29]} 2. c4 {[%emt 0:00:52]} f5 {[%emt 0:01:26]} 3. g3 {[%emt 0:02:36]} Nf6 {[%emt 0:00:50]} 4. Bg2 {[%emt 0:00:59]} d5 {[%emt 0:01:11]} 5. O-O {[%emt 0:03:20]} Be7 {[%emt 0:03:47]} 6. b3 {[%emt 0:02:01]} O-O {[%emt 0:00:58]} 7. Bb2 {[%emt 0:01:00]} a5 {[%emt 0:04:20]} 8. Nc3 {[%emt 0:02:37]} c6 {[%emt 0:04:22]} 9. d3 {[%emt 0:04:49]} Re8 {[%emt 0:04:32]} 10. Re1 {[%emt 0:08:19]} d4 {[%emt 0:12:44]} 11. Na4 {[%emt 0:22:48]} Bb4 {[%emt 0:08:43]} 12. Rf1 {[%emt 0:00:12]} e5 {[%emt 0:01:14]} 13. e3 {[%emt 0:15:37]} dxe3 {[%emt 0:07:24]} 14. Nxe5 {[%emt 0:00:06]} exf2+ {[%emt 0:09:33]} 15. Rxf2 {[%emt 0:00:12]} Rxe5 {[%emt 0:00:12]} 16. Bxe5 {[%emt 0:00:56]} Ng4 {[%emt 0:00:44]} 17. Bb2 {[%emt 0:13:05]} Nxf2 {[%emt 0:00:35]} 18. Kxf2 {[%emt 0:00:03]} Nd7 {[%emt 0:01:33]} 19. d4 {[%emt 0:00:06]} Bd6 {[%emt 0:11:12]} 20. d5 {[%emt 0:03:44]} c5 {[%emt 0:01:47]} 21. Nc3 {[%emt 0:06:04]} Be5 {[%emt 0:03:17]} 22. Qe2 {[%emt 0:00:05]} Qf6 {[%emt 0:01:30]} 23. Re1 {[%emt 0:04:32]} Bd4+ {[%emt 0:02:23]} 24. Kf1 {[%emt 0:00:06]} Nf8 {[%emt 0:01:05]} 25. Na4 {[%emt 0:02:56]} Bxb2 {[%emt 0:00:37]} 26. Qxb2 {[%emt 0:00:05]} Qxb2 {[%emt 0:00:59]} 27. Nxb2 {[%emt 0:00:03]} Bd7 {[%emt 0:00:21]} 28. d6 {[%emt 0:00:56]} Ra6 {[%emt 0:06:43]} 29. Bd5+ {[%emt 0:02:40]} Kh8 {[%emt 0:00:09]} 30. Nd3 {[%emt 0:00:13]} b6 {[%emt 0:07:44]} 31. Re7 {[%emt 0:00:09]} g6 {[%emt 0:00:35]} 32. Rf7 {[%emt 0:00:15]} Kg8 {[%emt 0:00:30]} 33. Rxd7+ {[%emt 0:00:06]} Kh8 {[%emt 0:00:01]} 34. Rf7 {[%emt 0:00:11]} a4 {[%emt 0:00:17]} 35. Rxf8+ {[%emt 0:00:07]} Kg7 {[%emt 0:00:05]} 36. Rf7+ {[%emt 0:00:04]} 1-0